| 000 | 00630nam a2200181Ia 4500 | ||
|---|---|---|---|
| 008 | 151202s9999||||xx |||||||||||||| ||und|| | ||
| 082 | _bPNVM-65343 | ||
| 100 | _aराऊळ वि. ग. | ||
| 245 | _aआरोग्यदायी भाजीपाला. | ||
| 260 | _b"गोडवा कृषी प्रकाशन, पुणे." | ||
| 260 | _c2007 | ||
| 300 | _a128 | ||
| 600 | _aराऊळ वि. ग. | ||
| 630 | _aआरोग्यदायी भाजीपाला. | ||
| 700 | _aराऊळ वि. ग. | ||
| 730 | _aआरोग्यदायी भाजीपाला. | ||
| 942 | _cBOOK | ||
| 999 |
_c1331875 _d1331872 |
||